Complete the geographical name - Statistics

General Stats
  • This quiz has been taken 199 times
  • The average score is 11 of 18
Answer Stats
Hint Answer % Correct
Hait i
92%
Volgo grad
87%
Mexic o City
79%
New Br unswick
79%
Bel ize
77%
Sevasto pol
77%
Glend ale
65%
Cal gary
63%
C ali
58%
Stanford-le-H ope
53%
M exico
48%
Hun tsville
48%
Chelyab insk
47%
Krasno yarsk
47%
Pavlo dar
42%
Br aga
38%
Eur asia
32%
Sal ta
28%
No matching quizzes found
Score Distribution
Percent of People with Each Score
Percentile by Number Answered
Your Score History
You have not taken this quiz